[Event "XXXII Torneo B di Capodanno"]
[Site "Reggio nell'Emilia ITA"]
[Date "1990.01.04"]
[Round "6"]
[White "Sansonetti, Giorgio"]
[Black "Beil, Zdenek"]
[WhiteElo "2260"]
[BlackElo "2365"]
[Result "1-0"]
[PlyCount "139"]
[EventDate "1989.12.30"]

1. d4 d6 2. e4 Nf6 3. Nc3 c6 4. f4 Qa5 5. Be2 Nxe4 6. Nf3 Bf5 7. Bd2 Nxd2 8.
Qxd2 e6 9. O-O-O Be7 10. h3 Nd7 11. g4 Bg6 12. Kb1 d5 13. Qe3 Nf6 14. Ng5 h6
15. Nf3 Ne4 16. Nxe4 Bxe4 17. Rhg1 O-O-O 18. Ne5 Rhf8 19. Bd3 Bxd3 20. Rxd3 Qc7
21. Nxf7 Rd7 22. Ne5 Rd6 23. Ng6 Re8 24. g5 a5 25. h4 c5 26. dxc5 Rc6 27. Nxe7+
Rxe7 28. gxh6 gxh6 29. Rg8+ Kd7 30. f5 Rxc5 31. fxe6+ Kc6 32. Qxc5+ Kxc5 33.
Rc3+ Kd6 34. Rxc7 Kxc7 35. Rg6 h5 36. c3 Kd6 37. Rh6 Rxe6 38. Rxh5 a4 39. a3
Re1+ 40. Ka2 Rh1 41. Rh7 Kc6 42. h5 d4 43. cxd4 Rd1 44. Rh6+ Kc7 45. Rh7+ Kc6
46. Rh6+ Kc7 47. Rg6 Rxd4 48. h6 Rh4 49. Rg7+ Kc6 50. h7 Rh1 51. b4 axb3+ 52.
Kxb3 b5 53. Kc3 Kb6 54. Kd4 Rh5 55. Ke4 Ka5 56. Kf4 Ka4 57. Ra7+ Kb3 58. Ke4
Kb2 59. Kd4 Kb3 60. Ke4 Kb2 61. Kf4 Kb3 62. Kg4 Rh1 63. Kf5 Rh6 64. Kg5 Rh3 65.
Kg6 Rg3+ 66. Kf7 Rh3 67. Kg8 Rg3+ 68. Rg7 Rc3 69. Kf7 Rc8 70. Rg3+ 1-0

[Event "XXXII Torneo B di Capodanno"]
[Site "Reggio nell'Emilia ITA"]
[Date "1990.01.04"]
[Round "6"]
[White "Turci, Stefano"]
[Black "Manca, Federico"]
[WhiteElo "2245"]
[BlackElo "2360"]
[Result "1/2-1/2"]
[PlyCount "45"]
[EventDate "1989.12.30"]

1. d4 Nf6 2. c4 e6 3. Nc3 d5 4. cxd5 exd5 5. Bg5 Be7 6. e3 O-O 7. Bd3 Nbd7 8.
Nge2 Re8 9. O-O Nf8 10. Qc2 Ng6 11. Ng3 c6 12. Bxf6 Bxf6 13. b4 a6 14. a4 Be7
15. b5 axb5 16. axb5 Rxa1 17. Rxa1 c5 18. dxc5 Bxc5 19. Rd1 d4 20. exd4 Bb6 21.
Nce2 Be6 22. Be4 Bd5 23. Qd3 1/2-1/2

[Event "XXXII Torneo B di Capodanno"]
[Site "Reggio nell'Emilia ITA"]
[Date "1990.01.05"]
[Round "7"]
[White "Beil, Zdenek"]
[Black "Pastircak, Milan"]
[WhiteElo "2365"]
[BlackElo "2375"]
[Result "1/2-1/2"]
[PlyCount "25"]
[EventDate "1989.12.30"]

1. d4 Nf6 2. c4 e6 3. g3 Bb4+ 4. Bd2 c5 5. Bxb4 cxb4 6. Bg2 O-O 7. Nf3 d6 8.
O-O Qc7 9. Qb3 a5 10. a3 Na6 11. axb4 Nxb4 12. Nc3 Bd7 13. Rfc1 1/2-1/2

[Event "XXXII Torneo B di Capodanno"]
[Site "Reggio nell'Emilia ITA"]
[Date "1990.01.05"]
[Round "7"]
[White "Bukal, Vladimir sr"]
[Black "Turci, Stefano"]
[WhiteElo "2400"]
[BlackElo "2245"]
[Result "1/2-1/2"]
[PlyCount "20"]
[EventDate "1989.12.30"]

1. c4 c6 2. Nf3 Nf6 3. d4 d5 4. cxd5 cxd5 5. Nc3 Nc6 6. Bf4 a6 7. e3 Bg4 8. Be2
e6 9. O-O Bd6 10. Bxd6 Qxd6 1/2-1/2

[Event "XXXII Torneo B di Capodanno"]
[Site "Reggio nell'Emilia ITA"]
[Date "1990.01.05"]
[Round "7"]
[White "Paoli, Enrico"]
[Black "Sansonetti, Giorgio"]
[WhiteElo "2205"]
[BlackElo "2260"]
[Result "0-1"]
[PlyCount "90"]
[EventDate "1989.12.30"]

1. e4 e6 2. d4 d5 3. Nc3 Nf6 4. Bg5 Be7 5. e5 Nfd7 6. Bxe7 Qxe7 7. f4 O-O 8.
Nf3 c5 9. Bd3 f6 10. dxc5 Nxc5 11. O-O Nc6 12. Qd2 f5 13. Ne2 Ne4 14. Bxe4 dxe4
15. Nfd4 Bd7 16. Rad1 Rfd8 17. c3 Rac8 18. Kh1 Na5 19. Nxf5 exf5 20. Qd5+ Be6
21. Qxa5 Bc4 22. Nd4 Bxf1 23. Rxf1 g6 24. Qxa7 Kh8 25. a3 Rd7 26. Qb6 Kg8 27.
Kg1 Kh8 28. Re1 Ra8 29. g3 Ra6 30. Qb5 Kg8 31. h4 Rd8 32. Kf2 Qd7 33. Qb3+ Qd5
34. Qb4 e3+ 35. Rxe3 Qh1 36. Qc4+ Kh8 37. Qf1 Qd5 38. Qe2 Rb6 39. Rd3 Qh1 40.
Rd2 Rxd4 41. cxd4 Rb3 42. Rd1 Qh2+ 43. Kf1 Qh1+ 44. Kf2 Qh2+ 45. Kf1 Qxg3 0-1

[Event "XXXII Torneo B di Capodanno"]
[Site "Reggio nell'Emilia ITA"]
[Date "1990.01.05"]
[Round "7"]
[White "Rossi, Giampiero"]
[Black "Rossi, Carlo"]
[WhiteElo "2205"]
[BlackElo "2330"]
[Result "0-1"]
[PlyCount "66"]
[EventDate "1989.12.30"]

1. d4 b5 2. Nf3 Bb7 3. e3 a6 4. c4 bxc4 5. Bxc4 e6 6. Nc3 Nf6 7. O-O g5 8. Qe2
g4 9. Nd2 c5 10. dxc5 Bxc5 11. b3 d5 12. Bd3 Nbd7 13. Bb2 h5 14. Rac1 Bd6 15.
Na4 Qb8 16. f4 gxf3 17. Nxf3 Rg8 18. h3 Qd8 19. Bc3 Ne4 20. Bxe4 dxe4 21. Nd2
Qg5 22. Nc4 Bc7 23. Qf2 f5 24. Bb4 Ne5 25. Nxe5 Bxe5 26. Nb6 Rd8 27. Rfd1 Rd3
28. Nc4 Bg3 29. Qe2 Bd5 30. Bc5 f4 31. exf4 Bxf4 32. Rc2 Bxc4 33. bxc4 Qxc5+
0-1

[Event "XXXII Torneo B di Capodanno"]
[Site "Reggio nell'Emilia ITA"]
[Date "1990.01.05"]
[Round "7"]
[White "Wagman, Stuart"]
[Black "Horn, Pascal"]
[WhiteElo "2295"]
[BlackElo "2335"]
[Result "0-1"]
[PlyCount "38"]
[EventDate "1989.12.30"]

1. e4 Nf6 2. e5 Nd5 3. d4 d6 4. Nf3 Bg4 5. Be2 c6 6. Ng5 Bxe2 7. Qxe2 dxe5 8.
dxe5 e6 9. O-O h6 10. Nf3 Nd7 11. c4 Ne7 12. Bd2 g5 13. Bc3 Ng6 14. Nbd2 Bg7
15. h3 Qc7 16. Rfe1 O-O-O 17. Nb3 h5 18. Nxg5 Ndxe5 19. Nc5 Qe7 0-1

[Event "XXXII Torneo B di Capodanno"]
[Site "Reggio nell'Emilia ITA"]
[Date "1990.01.06"]
[Round "8"]
[White "Anceschi, Vittorio"]
[Black "Horn, Pascal"]
[WhiteElo "2280"]
[BlackElo "2335"]
[Result "0-1"]
[PlyCount "52"]
[EventDate "1989.12.30"]

1. e4 Nf6 2. Nc3 d5 3. e5 Nfd7 4. f4 e6 5. Nf3 c5 6. d4 Nc6 7. Be3 a6 8. Qd2 g6
9. Ne2 b5 10. g3 Nb6 11. b3 c4 12. h4 h5 13. Kf2 a5 14. Bh3 a4 15. Ng5 Qe7 16.
Nc3 Ba6 17. Bg2 Qd7 18. Qd1 Ne7 19. b4 a3 20. Rb1 Nc6 21. Qd2 Nxb4 22. Nce4
dxe4 23. Rxb4 c3 24. Qxc3 Nd5 25. Qb3 Bxb4 26. Nxe4 Be7 0-1

[Event "XXXII Torneo B di Capodanno"]
[Site "Reggio nell'Emilia ITA"]
[Date "1990.01.06"]
[Round "8"]
[White "Manca, Federico"]
[Black "Bukal, Vladimir sr"]
[WhiteElo "2360"]
[BlackElo "2400"]
[Result "1/2-1/2"]
[PlyCount "75"]
[EventDate "1989.12.30"]

1. e4 e6 2. d4 d5 3. Nc3 Bb4 4. e5 c5 5. a3 Bxc3+ 6. bxc3 Ne7 7. Nf3 Nbc6 8. a4
Qa5 9. Qd2 Bd7 10. Ba3 cxd4 11. cxd4 Qxd2+ 12. Kxd2 Nf5 13. Bb2 Na5 14. Rb1 b6
15. Bc3 Nc4+ 16. Bxc4 dxc4 17. Rb4 Rc8 18. Ng5 O-O 19. Ne4 Rfd8 20. f3 Be8 21.
g4 Nxd4 22. Nd6 Nc6 23. Rxc4 Ne7 24. Rd4 Rc5 25. Rb1 Nc6 26. Re4 f6 27. f4 Bg6
28. Re3 Rc4 29. f5 exf5 30. gxf5 fxe5 31. Rd3 Rxd6 32. Rxd6 Bxf5 33. Rb5 Kf7
34. a5 Ke7 35. Rxc6 Rxc6 36. axb6 axb6 37. Rxe5+ Be6 38. Rh5 1/2-1/2

[Event "XXXII Torneo B di Capodanno"]
[Site "Reggio nell'Emilia ITA"]
[Date "1990.01.06"]
[Round "8"]
[White "Pastircak, Milan"]
[Black "Paoli, Enrico"]
[WhiteElo "2375"]
[BlackElo "2205"]
[Result "1-0"]
[PlyCount "83"]
[EventDate "1989.12.30"]

1. e4 c5 2. Nf3 Nc6 3. d4 cxd4 4. Nxd4 Nf6 5. Nc3 d6 6. Be3 e6 7. Be2 Be7 8.
O-O O-O 9. f4 Qc7 10. Kh1 a6 11. a4 Bd7 12. Nb3 b6 13. Bf3 Rad8 14. Qe2 Bc8 15.
Rad1 Bb7 16. Bf2 Nd7 17. Nd5 exd5 18. exd5 Nce5 19. fxe5 Nxe5 20. Bd4 Nxf3 21.
Qxf3 Qxc2 22. Rc1 Qg6 23. Rc7 Bxd5 24. Qxd5 Qe6 25. Qxe6 fxe6 26. Rxf8+ Kxf8
27. Bxb6 Rb8 28. a5 e5 29. Nd2 Kf7 30. Kg1 Ke6 31. Ne4 h6 32. b4 Rf8 33. Be3
Rb8 34. Bd2 Bf8 35. Kf2 Ra8 36. Ke2 Kf5 37. Nc3 Rb8 38. b5 axb5 39. a6 Ra8 40.
a7 b4 41. Nd5 b3 42. Bc3 1-0

[Event "XXXII Torneo B di Capodanno"]
[Site "Reggio nell'Emilia ITA"]
[Date "1990.01.06"]
[Round "8"]
[White "Rossi, Carlo"]
[Black "Beil, Zdenek"]
[WhiteElo "2330"]
[BlackElo "2365"]
[Result "1/2-1/2"]
[PlyCount "71"]
[EventDate "1989.12.30"]

1. e4 c5 2. Nf3 e6 3. d3 d5 4. Nbd2 Nc6 5. g3 Nge7 6. Bg2 g6 7. O-O Bg7 8. Re1
h6 9. exd5 exd5 10. Nb3 b6 11. d4 c4 12. Nbd2 Bf5 13. c3 O-O 14. Nf1 Qd7 15.
Ne5 Nxe5 16. dxe5 Rad8 17. Be3 Nc6 18. Bd4 Rfe8 19. Ne3 Nxe5 20. Bxe5 Rxe5 21.
Bxd5 Bd3 22. Bg2 b5 23. a4 a6 24. axb5 axb5 25. f4 Re7 26. Bf3 Rde8 27. Qd2 b4
28. Nd5 Rxe1+ 29. Rxe1 Rxe1+ 30. Qxe1 bxc3 31. bxc3 Qe6 32. Kf2 h5 33. Qe3 Kh7
34. Qa7 Bf8 35. Qd4 Bg7 36. Qa7 1/2-1/2

[Event "XXXII Torneo B di Capodanno"]
[Site "Reggio nell'Emilia ITA"]
[Date "1990.01.06"]
[Round "8"]
[White "Sansonetti, Giorgio"]
[Black "Wagman, Stuart"]
[WhiteElo "2260"]
[BlackElo "2295"]
[Result "1/2-1/2"]
[PlyCount "26"]
[EventDate "1989.12.30"]

1. d4 d5 2. Nc3 Nf6 3. Bg5 Nbd7 4. f3 h6 5. Bh4 c5 6. e4 cxd4 7. Bxf6 Nxf6 8.
Qxd4 dxe4 9. Bb5+ Bd7 10. O-O-O Bxb5 11. Nxb5 Qxd4 12. Rxd4 Rc8 13. Nxa7 e5
1/2-1/2

[Event "XXXII Torneo B di Capodanno"]
[Site "Reggio nell'Emilia ITA"]
[Date "1990.01.06"]
[Round "8"]
[White "Turci, Stefano"]
[Black "Rossi, Giampiero"]
[WhiteElo "2245"]
[BlackElo "2205"]
[Result "1/2-1/2"]
[PlyCount "62"]
[EventDate "1989.12.30"]

1. d4 d5 2. c4 e6 3. Nc3 Nf6 4. cxd5 exd5 5. Bg5 c6 6. Qc2 Be7 7. e3 Nbd7 8.
Bd3 O-O 9. Nge2 Re8 10. O-O Nf8 11. Bxf6 Bxf6 12. b4 a6 13. a4 Be7 14. b5 axb5
15. axb5 Bg4 16. Ra4 Bd6 17. Rxa8 Qxa8 18. f3 Bh5 19. e4 dxe4 20. fxe4 Qa7 21.
Kh1 Bg6 22. e5 Be7 23. Bxg6 hxg6 24. Qe4 Qb6 25. Qf3 f6 26. bxc6 bxc6 27. d5
cxd5 28. Nxd5 Qb2 29. Nxe7+ Rxe7 30. exf6 Qxf6 31. Qd5+ Qe6 1/2-1/2

[Event "XXXII Torneo B di Capodanno"]
[Site "Reggio nell'Emilia ITA"]
[Date "1990.01.07"]
[Round "9"]
[White "Beil, Zdenek"]
[Black "Turci, Stefano"]
[WhiteElo "2365"]
[BlackElo "2245"]
[Result "1-0"]
[PlyCount "101"]
[EventDate "1989.12.30"]

1. d4 d5 2. Nf3 Nf6 3. c4 c6 4. Nc3 Qb6 5. c5 Qc7 6. g3 Bf5 7. Bf4 Qc8 8. Bg2
h6 9. O-O Nbd7 10. b4 e6 11. Nd2 Be7 12. f3 O-O 13. Qb3 b6 14. e4 Bg6 15. cxb6
axb6 16. exd5 cxd5 17. Rfc1 Qa6 18. Bf1 Qa3 19. Qxa3 Rxa3 20. Nb5 Bxb4 21. Nxa3
Bxa3 22. Rc7 Bb2 23. Re1 Bxd4+ 24. Be3 Bxe3+ 25. Rxe3 Ra8 26. a3 Nc5 27. f4 d4
28. Re1 Nd5 29. Rc6 Rxa3 30. Nc4 Rc3 31. Ra1 Bc2 32. Rc8+ Kh7 33. Rf8 Na4 34.
Rxf7 d3 35. Nd2 b5 36. Bh3 Rc6 37. f5 exf5 38. Bxf5+ Kg8 39. Rb7 Ndc3 40. Bd7
Rb6 41. Rxb6 Nxb6 42. Be6+ Kf8 43. Ra7 Nba4 44. Rc7 Ne2+ 45. Kf2 Nac3 46. Ke3
g5 47. Nf3 Nd1+ 48. Ke4 Nf2+ 49. Ke5 b4 50. Nd2 b3 51. Kf6 1-0

[Event "XXXII Torneo B di Capodanno"]
[Site "Reggio nell'Emilia ITA"]
[Date "1990.01.07"]
[Round "9"]
[White "Bukal, Vladimir sr"]
[Black "Anceschi, Vittorio"]
[WhiteElo "2400"]
[BlackElo "2280"]
[Result "1/2-1/2"]
[PlyCount "120"]
[EventDate "1989.12.30"]

1. c4 Nf6 2. g3 g6 3. Bg2 Bg7 4. Nc3 O-O 5. d4 d6 6. Nf3 Nc6 7. O-O a6 8. d5
Na5 9. Nd2 c5 10. Rb1 Rb8 11. b3 b5 12. Bb2 bxc4 13. bxc4 Bh6 14. Ba1 Bd7 15.
Rxb8 Qxb8 16. Ncb1 Qc7 17. Qc2 Bg7 18. e4 Rb8 19. Bc3 Ne8 20. Bxg7 Nxg7 21. Nc3
Rb7 22. Rb1 Qb8 23. Rxb7 Qxb7 24. a3 Qb8 25. f4 Kf8 26. Nd1 Qb6 27. Ne3 Nb7 28.
Qc3 Qa5 29. Qb2 Qc7 30. e5 Nd8 31. g4 Kg8 32. Ne4 Ne8 33. h4 Qb7 34. Qc3 Qb1+
35. Kh2 Nb7 36. e6 fxe6 37. dxe6 Bxe6 38. Ng5 Nd8 39. Nxe6 Nxe6 40. Nd5 Nd4 41.
Qe3 e6 42. f5 Kf7 43. fxe6+ Nxe6 44. h5 gxh5 45. Qf3+ Kg7 46. gxh5 Qe1 47. Qg4+
Kh6 48. Nf4 Ng5 49. Qf5 Qe5 50. Qf8+ Ng7 51. Bd5 Qb2+ 52. Kg3 Qc3+ 53. Kf2 Qe5
54. Kf1 Qa1+ 55. Kf2 Qb2+ 56. Ke3 Qd4+ 57. Ke2 Qb2+ 58. Kd1 Qb1+ 59. Kd2 Qb2+
60. Kd1 Qb1+ 1/2-1/2

[Event "XXXII Torneo B di Capodanno"]
[Site "Reggio nell'Emilia ITA"]
[Date "1990.01.07"]
[Round "9"]
[White "Horn, Pascal"]
[Black "Sansonetti, Giorgio"]
[WhiteElo "2335"]
[BlackElo "2260"]
[Result "1-0"]
[PlyCount "126"]
[EventDate "1989.12.30"]

1. e4 e6 2. d3 d5 3. Nd2 c5 4. f4 f5 5. b3 Nf6 6. Bb2 Nc6 7. exf5 exf5 8. Qe2+
Qe7 9. Bxf6 gxf6 10. Qxe7+ Bxe7 11. Be2 h5 12. Bf3 Be6 13. Ne2 Nb4 14. Kd1 h4
15. a3 Nc6 16. c4 Rd8 17. Nc3 dxc4 18. Bxc6+ bxc6 19. dxc4 Rg8 20. Rg1 Bd6 21.
Ne2 Bf7 22. Kc2 Bh5 23. Rae1 Kf7 24. Nb1 Bxe2 25. Rxe2 Bxf4 26. h3 Rg5 27. Rd1
Rd4 28. Nc3 Rg3 29. Rf1 Kg6 30. Na4 Bd6 31. Nb2 f4 32. Rf3 Kf5 33. Nd3 Re4 34.
Rxe4 Kxe4 35. Ne1 f5 36. Rf2 Ke3 37. Rd2 Bc7 38. Kd1 Ba5 39. b4 Bb6 40. Nc2+
Ke4 41. Re2+ Kd3 42. b5 cxb5 43. cxb5 f3 44. Ne1+ Kc4 45. Nxf3 Kxb5 46. Nxh4
Rxa3 47. Rb2+ Kc4 48. Nxf5 Ba5 49. Rc2+ Kd5 50. Ke2 c4 51. Ne3+ Ke6 52. Nxc4
Ra4 53. Nxa5 Rxa5 54. Rc8 Ke5 55. Kf3 Ra3+ 56. Kg4 a5 57. h4 a4 58. Rc6 Ra2 59.
g3 a3 60. Ra6 Ra1 61. Kg5 a2 62. g4 Ke4 63. h5 Kf3 1-0

[Event "XXXII Torneo B di Capodanno"]
[Site "Reggio nell'Emilia ITA"]
[Date "1990.01.07"]
[Round "9"]
[White "Paoli, Enrico"]
[Black "Rossi, Carlo"]
[WhiteElo "2205"]
[BlackElo "2330"]
[Result "0-1"]
[PlyCount "118"]
[EventDate "1989.12.30"]

1. e4 Nc6 2. d4 d6 3. Nf3 Nf6 4. Nc3 Bg4 5. Be3 e6 6. Be2 Be7 7. O-O d5 8. e5
Nd7 9. a3 O-O 10. Nd2 Bxe2 11. Qxe2 Ndxe5 12. f4 Nd7 13. f5 Nf6 14. fxe6 fxe6
15. Bf2 Qd7 16. Rae1 Bd6 17. Qxe6+ Qxe6 18. Rxe6 Ng4 19. Nf3 Rf5 20. h3 Nxf2
21. Rxf2 Raf8 22. Rd2 Na5 23. Rd3 Nc4 24. Nd1 Rf4 25. b3 Nxa3 26. Ne3 Re4 27.
Ng5 Rxe6 28. Nxe6 Re8 29. Nc5 Bxc5 30. dxc5 d4 31. Nf1 Nxc2 32. Rd2 Na1 33.
Rxd4 Nxb3 34. Rd7 Rc8 35. c6 bxc6 36. Ne3 Nc5 37. Re7 a5 38. Nf5 a4 39. Rxg7+
Kh8 40. Rg3 Ne4 41. Ra3 Ra8 42. Ne7 c5 43. Nd5 Ra7 44. Ne3 Nd6 45. Nd1 Nb5 46.
Ra2 a3 47. Kf2 Ra4 48. Ke2 Rd4 49. Ra1 Kg7 50. g4 Kf6 51. Ne3 Nc3+ 52. Kf3 a2
53. h4 Rd3 54. Kf4 Rd4+ 55. Kf3 Ke5 56. h5 Rd3 57. Kf2 Ke4 58. Nc4 Rd4 59. Na5
c4 0-1

[Event "XXXII Torneo B di Capodanno"]
[Site "Reggio nell'Emilia ITA"]
[Date "1990.01.07"]
[Round "9"]
[White "Rossi, Giampiero"]
[Black "Manca, Federico"]
[WhiteElo "2205"]
[BlackElo "2360"]
[Result "0-1"]
[PlyCount "64"]
[EventDate "1989.12.30"]

1. d4 Nf6 2. c4 c5 3. dxc5 Nc6 4. Nc3 e6 5. Nf3 Bxc5 6. a3 O-O 7. e3 a6 8. b4
Ba7 9. Bb2 d5 10. Qb3 d4 11. exd4 Nxd4 12. Nxd4 Qxd4 13. Qc2 Qf4 14. Bd3 Bd7
15. f3 Rac8 16. Qe2 Bc6 17. Kd1 e5 18. Kc2 Bd4 19. Kb3 Rfd8 20. Rad1 Nd7 21.
Be4 Nb6 22. Bxc6 Rxc6 23. c5 Rdc8 24. Ne4 Qf5 25. cxb6 Rc2 26. Rd2 Qe6+ 27. Ka4
Qc6+ 28. Kb3 Qd5+ 29. Ka4 R2c4 30. Bxd4 exd4 31. Rhd1 a5 32. Kb3 Rxb4# 0-1

[Event "XXXII Torneo B di Capodanno"]
[Site "Reggio nell'Emilia ITA"]
[Date "1990.01.08"]
[Round "10"]
[White "Anceschi, Vittorio"]
[Black "Sansonetti, Giorgio"]
[WhiteElo "2280"]
[BlackElo "2260"]
[Result "1-0"]
[PlyCount "129"]
[EventDate "1989.12.30"]

1. c4 e6 2. g3 d5 3. Bg2 Nf6 4. Nf3 Be7 5. O-O O-O 6. b3 c5 7. Na3 Nc6 8. Bb2
d4 9. d3 e5 10. Nc2 Re8 11. e4 Bg4 12. h3 Bxf3 13. Qxf3 g6 14. Bc1 Nh5 15. h4
a5 16. Bd2 Ra6 17. Qe2 Qb8 18. Bh3 Rd8 19. a4 Nb4 20. Nxb4 axb4 21. Bg4 Nf6 22.
h5 Nxg4 23. Qxg4 Qc8 24. Qxc8 Rxc8 25. Kg2 gxh5 26. Rh1 h4 27. gxh4 Rg6+ 28.
Kf3 h5 29. Rag1 Kh7 30. Rxg6 fxg6 31. Kg3 Rf8 32. f4 exf4+ 33. Bxf4 g5 34. Bxg5
Bxg5 35. hxg5 Kg6 36. Kg2 Rf4 37. Rf1 Rg4+ 38. Kh3 Rxg5 39. Rf2 Kh6 40. Rg2 Re5
41. Kh4 b6 42. Rg8 Re7 43. Rg5 Re8 44. Rxh5+ Kg6 45. a5 bxa5 46. Rxc5 a4 47.
bxa4 Ra8 48. a5 Kf6 49. Rb5 b3 50. Rb6+ Ke5 51. Rxb3 Kf4 52. Kh5 Rxa5+ 53. Kg6
Ke3 54. Kf6 Kd2 55. e5 Kc2 56. Rb8 Kxd3 57. e6 Ra6 58. Rc8 Ra1 59. e7 Re1 60.
Kf7 Rf1+ 61. Ke6 Re1+ 62. Kd7 Kc3 63. e8=Q Rxe8 64. Kxe8 d3 65. c5 1-0

[Event "XXXII Torneo B di Capodanno"]
[Site "Reggio nell'Emilia ITA"]
[Date "1990.01.08"]
[Round "10"]
[White "Bukal, Vladimir sr"]
[Black "Rossi, Giampiero"]
[WhiteElo "2400"]
[BlackElo "2205"]
[Result "1-0"]
[PlyCount "85"]
[EventDate "1989.12.30"]

1. c4 e6 2. g3 d5 3. Bg2 Nf6 4. Nf3 Be7 5. O-O c6 6. d4 O-O 7. Nbd2 Nbd7 8. Qc2
b6 9. e4 Bb7 10. b3 Rc8 11. Bb2 Qc7 12. Rac1 Qb8 13. Rfe1 Rfd8 14. Qd3 dxe4 15.
Nxe4 Nxe4 16. Qxe4 c5 17. Qe2 Bf6 18. Rcd1 Qa8 19. Rd2 Nf8 20. Red1 cxd4 21.
Bxd4 Bxd4 22. Rxd4 Rxd4 23. Rxd4 Rd8 24. Rxd8 Qxd8 25. Ne5 Bxg2 26. Kxg2 f6 27.
Nc6 Qd7 28. Qe4 a5 29. Nd4 Kf7 30. h4 g6 31. Nb5 Kg7 32. Qf3 Qe7 33. Qc6 Nd7
34. Qc7 e5 35. Nc3 Qe6 36. Nd5 Kh6 37. Qc8 Qd6 38. Qd8 Qc6 39. Qe7 b5 40. g4
bxc4 41. bxc4 Qxc4 42. Nxf6 Qc6+ 43. Kh2 1-0

[Event "XXXII Torneo B di Capodanno"]
[Site "Reggio nell'Emilia ITA"]
[Date "1990.01.08"]
[Round "10"]
[White "Pastircak, Milan"]
[Black "Horn, Pascal"]
[WhiteElo "2375"]
[BlackElo "2335"]
[Result "1/2-1/2"]
[PlyCount "75"]
[EventDate "1989.12.30"]

1. Nf3 Nf6 2. g3 b6 3. Bg2 Bb7 4. O-O d6 5. d3 g6 6. e4 Bg7 7. Nc3 O-O 8. Bg5
h6 9. Bd2 e6 10. Re1 d5 11. e5 Nfd7 12. d4 c5 13. Ne2 Nc6 14. c3 Qe7 15. Nf4
Rfc8 16. h4 a5 17. Bh3 Nf8 18. Rc1 Ba6 19. Rc2 cxd4 20. cxd4 Nb4 21. Rxc8 Rxc8
22. Qb1 Bc4 23. a3 Nc6 24. Ng2 Qb7 25. Ne3 Bb5 26. Ng4 h5 27. Nf6+ Kh8 28. Bg5
Qa6 29. Bf1 Bxf1 30. Rxf1 Nh7 31. Nxh7 Kxh7 32. Be3 Ne7 33. Rc1 Nf5 34. Rxc8
Qxc8 35. Qc1 Qxc1+ 36. Bxc1 a4 37. Kf1 Kg8 38. Ke2 1/2-1/2

[Event "XXXII Torneo B di Capodanno"]
[Site "Reggio nell'Emilia ITA"]
[Date "1990.01.08"]
[Round "10"]
[White "Rossi, Carlo"]
[Black "Wagman, Stuart"]
[WhiteElo "2330"]
[BlackElo "2295"]
[Result "1/2-1/2"]
[PlyCount "94"]
[EventDate "1989.12.30"]

1. Nf3 Nf6 2. g3 g6 3. b3 Bg7 4. Bb2 O-O 5. Bg2 d6 6. d4 e5 7. dxe5 Ng4 8. Nc3
dxe5 9. h3 Nh6 10. e4 c6 11. O-O Qc7 12. a4 Re8 13. Qe2 a5 14. Ba3 Bf8 15. Bxf8
Rxf8 16. Qe3 Kg7 17. Qc5 Nd7 18. Qe7 Ng8 19. Qa3 Re8 20. Rad1 Nf8 21. Rd6 f6
22. Rfd1 Nh6 23. Qc5 Nf7 24. R6d2 Ne6 25. Qe3 Qe7 26. h4 Qc5 27. Qxc5 Nxc5 28.
Nh2 Be6 29. Nf1 Rad8 30. Ne3 Rxd2 31. Rxd2 Rd8 32. Rxd8 Nxd8 33. Bf1 Kf7 34.
Bc4 Nd7 35. Kf1 Bxc4+ 36. Nxc4 b6 37. Nb1 Ke6 38. Nbd2 Nb7 39. Ke2 b5 40. axb5
cxb5 41. Na3 Nd6 42. c3 Nc5 43. f3 b4 44. cxb4 axb4 45. Nc2 Nb5 46. Nxb4 Nd4+
47. Ke3 Ncxb3 1/2-1/2

[Event "XXXII Torneo B di Capodanno"]
[Site "Reggio nell'Emilia ITA"]
[Date "1990.01.09"]
[Round "11"]
[White "Horn, Pascal"]
[Black "Rossi, Carlo"]
[WhiteElo "2335"]
[BlackElo "2330"]
[Result "1-0"]
[PlyCount "47"]
[EventDate "1989.12.30"]

1. e4 c6 2. Nc3 d5 3. f4 dxe4 4. Nxe4 Nf6 5. Nf2 g6 6. Bc4 Bg7 7. Nf3 O-O 8. d4
c5 9. dxc5 Qa5+ 10. c3 Qxc5 11. Qb3 Nc6 12. Nd3 Qd6 13. Nfe5 e6 14. Qa4 Nd5 15.
O-O Nb6 16. Qb5 f6 17. Nxc6 bxc6 18. Qb3 c5 19. Rd1 Qc6 20. f5 gxf5 21. Bb5 c4
22. Bxc6 cxb3 23. Bxa8 Nxa8 24. axb3 1-0

[Event "XXXII Torneo B di Capodanno"]
[Site "Reggio nell'Emilia ITA"]
[Date "1990.01.09"]
[Round "11"]
[White "Rossi, Giampiero"]
[Black "Anceschi, Vittorio"]
[WhiteElo "2205"]
[BlackElo "2280"]
[Result "1/2-1/2"]
[PlyCount "113"]
[EventDate "1989.12.30"]

1. d4 Nf6 2. c4 e6 3. Nc3 Bb4 4. Qc2 c5 5. dxc5 Nc6 6. Nf3 Bxc5 7. a3 d5 8. e3
Be7 9. b4 O-O 10. Bb2 Qc7 11. cxd5 exd5 12. Be2 Be6 13. O-O Rac8 14. Rac1 Ne5
15. Rfd1 Ng6 16. Qa4 Qb8 17. Nb5 a6 18. Nbd4 Ne4 19. Nxe6 Rxc1 20. Nxf8 Rxd1+
21. Qxd1 Nxf8 22. Qxd5 Nf6 23. Bxf6 Bxf6 24. Nd4 Qc7 25. Qc4 Qd7 26. Bf3 Ne6
27. Bg4 Bxd4 28. Bxe6 fxe6 29. Qxd4 Qc6 30. Qd2 h6 31. f3 Qc4 32. Qb2 b5 33. g3
Qd3 34. Kf2 Kf7 35. e4 Kg8 36. Qc1 Kh7 37. g4 Qd4+ 38. Qe3 Qb2+ 39. Kg3 e5 40.
h4 Qa1 41. h5 Kh8 42. f4 Kg8 43. fxe5 Qxe5+ 44. Kh3 Kh8 45. Kg2 Kg8 46. Qf3
Qb2+ 47. Kg3 Qa1 48. Kh3 Qe1 49. Qb3+ Kh8 50. Qd3 Qh1+ 51. Kg3 Qg1+ 52. Kf3 Qh2
53. Qd8+ Kh7 54. Qc8 Qh3+ 55. Ke2 Qxa3 56. Qf5+ Kg8 57. Qe6+ 1/2-1/2

[Event "XXXII Torneo B di Capodanno"]
[Site "Reggio nell'Emilia ITA"]
[Date "1990.01.09"]
[Round "11"]
[White "Sansonetti, Giorgio"]
[Black "Pastircak, Milan"]
[WhiteElo "2260"]
[BlackElo "2375"]
[Result "1/2-1/2"]
[PlyCount "69"]
[EventDate "1989.12.30"]

1. e4 g6 2. d4 Bg7 3. Nc3 d6 4. f4 Nc6 5. d5 Nd4 6. Be3 c5 7. dxc6 Nxc6 8. Nf3
Nf6 9. Be2 O-O 10. O-O Ng4 11. Qd2 Bd7 12. Kh1 Nxe3 13. Qxe3 Qa5 14. Rfd1 Rad8
15. Rd5 Qc7 16. Nb5 Qb8 17. c3 a6 18. Na3 b5 19. Rd2 Qc7 20. Nc2 Rb8 21. Nfd4
Nxd4 22. Nxd4 a5 23. Rad1 Bh6 24. g3 Rfe8 25. Bf3 Rb6 26. Qd3 Rc8 27. Rc2 Bg7
28. Rdc1 Rbb8 29. Bg2 Qb6 30. Bf3 Rc7 31. Be2 Rcc8 32. Rd1 Rc5 33. Rcd2 Rbc8
34. Qe3 Qb8 35. Nb3 1/2-1/2

[Event "XXXII Torneo B di Capodanno"]
[Site "Reggio nell'Emilia ITA"]
[Date "1990.01.09"]
[Round "11"]
[White "Wagman, Stuart"]
[Black "Turci, Stefano"]
[WhiteElo "2295"]
[BlackElo "2245"]
[Result "1/2-1/2"]
[PlyCount "42"]
[EventDate "1989.12.30"]

1. e4 c6 2. d4 d5 3. exd5 cxd5 4. c4 Nf6 5. Nc3 Nc6 6. Nf3 Bg4 7. cxd5 Nxd5 8.
Qb3 Bxf3 9. gxf3 e6 10. Qxb7 Nxd4 11. Bb5+ Nxb5 12. Qc6+ Ke7 13. Qxb5 Qd7 14.
Nxd5+ Qxd5 15. Qxd5 exd5 16. Ke2 Ke6 17. Be3 Be7 18. Rac1 Bf6 19. Rc6+ Kf5 20.
Rd1 Rhd8 21. Rc5 Ke6 1/2-1/2